000 01529nam0a2200337 4500
001 RU\NLR\bibl\938982
005 20250614194329.0
010 _a5-9221-0663-5
_9100
021 _aRU
_b2006-15866
_9780
035 _a(NLR Aleph) 000927171
090 _a136835
_c136835
100 _a20060426d2006 |||y0rusy50 ca
101 0 _arus
102 _aRU
105 _aa |||||||||
200 1 _aИзотопные модификации гидрида лития и их растворы с литием
_eтеплофизические и физико-химические свойства
_fК.А. Якимович, А.Г. Мозговой
_gпод ред. чл.-кор. РАН Э.Э. Шпильрайна
210 _aМосква
_cФизматлит
_d2006
215 _a278 с.
_cил.
_d22
313 _aгидрид лития как материал для нейтронной защиты в яд.реакторах
320 _aБиблиогр.: с. 268-278 (236 назв.)
606 1 _aГидриды лития
_xИзотопы
_92426704
_3RU\NLR\auth\661444723
606 1 _aЯдерные реакторы
_xЗамедлители
_91130303
_3RU\NLR\auth\66129561
686 _aГ121.21-14
686 _aЗ46-042.3
700 1 _aЯкимович
_bК. А.
_gКонстантин Аркадьевич
_4070
701 1 _aМозговой
_bА. Г.
_gАлександр Герасимович
_4070
801 0 _aRU
_bNLR
_c20060426
_grcr
801 1 _aRU
_bNLR
_c20060426
942 _cBOOK
980 _aNB